000 00664nam a2200241Ia 4500
003 OSt
005 20220918214103.0
006 a|||||r|||| 00| 0
007 ta
008 220917b |||||||| |||| 00| 0 eng d
024 _a135,796
037 _cTextual
040 _aARTS
_cARTS
_beng
041 _2eng
_aeng
082 _aX7281:8E, M1
100 _aCrum Roy L ed
_9129788
245 0 _aCapital budgettings under conditions of uncertainty
260 _c1981
650 _aECONOMICS
700 _a Derkinderen Frans G J ed
_9129789
942 _hX7281:8E, M1
_cTEXL
_2CC
999 _c258888
_d258888